000 00279nam a2200121 a 4500
001 4140
005 20140414131949.0
008 090218s19uu xx 00 eng d
050 _aTR
_bG59 1992
100 _aEmberly, Ed
245 _aGo away big green monster!.
999 _c112741
_d112741